Rizikový kapitál vo vyspelých trhových ekonomikách a v Slovenskej republike dizertačná práca

Saved in:
Bibliographic Details
Main Author: Kopkáš, Peter
Corporate Author: Národohospodárska fakulta EU. Katedra hospodárskej politiky
Other Authors: Moravčík, Alexander
Format: Book
Language:Slovak
Published: Bratislava 2006
Subjects:
Tags: Add Tag
No Tags, Be the first to tag this record!

MARC

LEADER 00000nam$a2200000$$$4500
001 0054856
005 20240104135408.7
041 0 |a slo 
044 |a SK 
245 1 0 |a Rizikový kapitál vo vyspelých trhových ekonomikách a v Slovenskej republike  |b dizertačná práca  |c Peter Kopkáš ; školiteľ: Alexander Moravčík 
264 1 |a Bratislava  |c 2006 
300 |a 197 s. 
610 2 0 |a kapitál rizikový 
610 2 0 |a krajiny vyspelé 
610 2 0 |a Slovensko 
610 2 0 |a podpory 
610 2 0 |a investície kapitálové 
610 2 0 |a prostredie podnikateľské 
100 1 |a Kopkáš, Peter 
700 1 |a Moravčík, Alexander 
710 2 |a Národohospodárska fakulta EU. Katedra hospodárskej politiky